000 00678nam a2200229 a 4500
001 BRCA_5553
005 20190320205128.0
008 280311s1927----u--ab#####---#000-0#eng-#
041 _aeng
044 _au
050 4 _aND140
_b.C65 1927
245 1 0 _aCollection of Medieval and Rennaissance Paintings.
260 _aCambridge, Mass.
_bHarvard University
_c1927
300 _axxiv, 356 p.
_bil., 66 láminas, mapas
500 _aIncluye índice general e índice de pintores
500 _aF28
650 1 4 _aPinturas medievales
_914172
650 1 4 _aPinturas renacentista
_914173
650 1 4 _aGalerías y museos
_zEstados Unidos
_97437
902 _aGFM
942 _2lcc
_cB
999 _c5247
_d5247